export_success — 

Gift products markets in Japan.

Bibliographic Details
Corporate Author: Malaysian External Trade Development Corporation (MATRADE)
Format: Book
Published: Osaka: MATRADE Osaka, 2009.
Series:Product market study : 2009
Subjects:
LEADER 00510cam a2200157 7i4500
001 0000024150
005 20100126090000.0
090 0 0 |a MAT 658.82   |b MAL 
110 2 0 |a Malaysian External Trade Development Corporation (MATRADE) 
245 2 0 |a Gift products markets in Japan. 
260 0 0 |a Osaka:   |b MATRADE Osaka,   |c 2009. 
300 # # |a [n.p]. 
440 0 0 |a Product market study : 2009 
650 0 0 |a Gift products --   |x Markets --   |z Japan  
651 0 0 |a Japan  
999 |a 0000024768  |b Book  |c MATRADEs Collection  |e Business Information Centre